[Event "DEM U10w 2022"]
[Site "Willingen GER"]
[Date "2022.06.05"]
[Round "2"]
[White "Margaryan, Mari"]
[Black "Krannich, Eva"]
[Result "1-0"]
[Termination "normal"]
[Board "12"]
[WhiteElo "792"]
[BlackElo "845"]
[WhiteClock "01:08:46"]
[BlackClock "00:56:57"]
[PlyCount "129"]
[WhiteFideId "16279700"]
[BlackFideId "34639713"]
[EventCountry "GER"]
[EventRounds "11"]
[EventType "swiss"]
[EventDate "2022.06.04"]

1. d4 {[%clk 01:15:58]} {[%emt 00:00:02]} e6 {[%clk 01:15:51]} {[%emt
00:00:09]} 2. Nf3 {[%clk 01:16:19]} {[%emt 00:00:09]} f5 {[%clk 01:16:04]}
{[%emt 00:00:16]} 3. Nc3 {[%clk 01:16:38]} {[%emt 00:00:13]} Nf6 {[%clk
01:16:24]} {[%emt 00:00:10]} 4. Bf4 {[%clk 01:16:51]} {[%emt 00:00:16]} c6
{[%clk 01:16:38]} {[%emt 00:00:15]} 5. e3 {[%clk 01:17:01]} {[%emt 00:00:21]}
d5 {[%clk 01:17:02]} {[%emt 00:00:07]} 6. Bd3 {[%clk 01:16:53]} {[%emt
00:00:37]} Bd6 {[%clk 01:17:04]} {[%emt 00:00:28]} 7. Bg3 {[%clk 01:17:05]}
{[%emt 00:00:18]} Bxg3 {[%clk 01:16:53]} {[%emt 00:00:41]} 8. hxg3 {[%clk
01:17:24]} {[%emt 00:00:11]} O-O {[%clk 01:17:03]} {[%emt 00:00:20]} 9. Qd2
{[%clk 01:17:28]} {[%emt 00:00:26]} Ne4 {[%clk 01:16:39]} {[%emt 00:00:55]} 10.
Bxe4 {[%clk 01:17:34]} {[%emt 00:00:23]} fxe4 {[%clk 01:14:40]} {[%emt
00:02:29]} 11. Ne5 {[%clk 01:17:44]} {[%emt 00:00:20]} Bd7 {[%clk 01:14:13]}
{[%emt 00:00:57]} 12. Nxd7 {[%clk 01:17:48]} {[%emt 00:00:26]} Nxd7 {[%clk
01:14:10]} {[%emt 00:00:31]} 13. O-O-O {[%clk 01:18:09]} {[%emt 00:00:12]} Nb6
{[%clk 01:13:09]} {[%emt 00:01:30]} 14. Qe2 {[%clk 01:18:23]} {[%emt 00:00:17]}
h6 {[%clk 01:11:59]} {[%emt 00:01:38]} 15. Rdf1 {[%clk 01:18:29]} {[%emt
00:00:25]} Nc4 {[%clk 01:10:38]} {[%emt 00:01:50]} 16. Qg4 {[%clk 01:18:06]}
{[%emt 00:00:54]} Rf6 {[%clk 01:09:45]} {[%emt 00:01:23]} 17. Rh2 {[%clk
01:18:02]} {[%emt 00:00:34]} Nd6 {[%clk 01:09:47]} {[%emt 00:00:28]} 18. Rfh1
{[%clk 01:18:10]} {[%emt 00:00:22]} Nf7 {[%clk 01:10:01]} {[%emt 00:00:17]} 19.
f3 {[%clk 01:17:59]} {[%emt 00:00:39]} exf3 {[%clk 01:09:17]} {[%emt 00:01:16]}
20. gxf3 {[%clk 01:18:14]} {[%emt 00:00:16]} Qd6 {[%clk 01:01:06]} {[%emt
00:08:39]} 21. Na4 {[%clk 01:18:15]} {[%emt 00:00:30]} e5 {[%clk 00:59:27]}
{[%emt 00:02:08]} 22. dxe5 {[%clk 01:17:32]} {[%emt 00:01:14]} Qxe5 {[%clk
00:59:02]} {[%emt 00:00:53]} 23. f4 {[%clk 01:17:33]} {[%emt 00:00:31]} Qxe3+
{[%emt 00:01:11]} 24. Kd1 {[%clk 01:17:13]} {[%emt 00:00:13]} Qd4+ {[%clk
00:59:03]} {[%emt 00:00:24]} 25. Kc1 {[%emt 00:00:14]} Qxa4 {[%emt 00:00:06]}
26. Kb1 {[%clk 01:17:16]} {[%emt 00:00:09]} Re8 {[%clk 00:58:53]} {[%emt
00:00:38]} 27. Qd7 {[%clk 01:12:19]} {[%emt 00:02:37]} Qe4 {[%clk 00:58:50]}
{[%emt 00:03:23]} 28. Kc1 {[%clk 01:11:43]} {[%emt 00:00:56]} Qe1+ {[%clk
00:59:14]} {[%emt 00:00:17]} 29. Rxe1 {[%clk 01:11:58]} {[%emt 00:00:15]} Rxe1+
{[%clk 00:59:39]} {[%emt 00:00:04]} 30. Kd2 {[%emt 00:00:50]} Rd6 {[%clk
00:59:48]} 31. Qc8+ {[%clk 01:10:55]} {[%emt 00:01:35]} Rd8 {[%clk 01:00:01]}
{[%emt 00:00:16]} 32. Qc7 {[%clk 01:10:48]} {[%emt 00:00:38]} Ra1 {[%clk
00:58:32]} {[%emt 00:01:58]} 33. a3 {[%clk 01:11:03]} {[%emt 00:00:16]} Ra2
{[%clk 00:58:40]} {[%emt 00:00:22]} 34. Qxb7 {[%clk 01:11:21]} {[%emt
00:00:12]} c5 {[%clk 00:58:36]} {[%emt 00:00:34]} 35. Re2 {[%clk 01:10:57]}
{[%emt 00:00:53]} c4 {[%clk 00:57:40]} {[%emt 00:01:26]} 36. Re7 {[%clk
01:11:13]} {[%emt 00:00:14]} Rf8 {[%clk 00:56:55]} {[%emt 00:01:15]} 37. Kc3
{[%clk 01:11:10]} {[%emt 00:00:34]} Ra1 {[%clk 00:56:18]} {[%emt 00:01:05]} 38.
Qxd5 {[%clk 01:11:27]} {[%emt 00:00:13]} Rg1 {[%clk 00:54:59]} {[%emt
00:01:49]} 39. Re3 {[%clk 01:11:34]} {[%emt 00:00:24]} Rd8 {[%clk 00:54:39]}
{[%emt 00:00:50]} 40. Qxc4 {[%clk 01:11:23]} {[%emt 00:00:41]} Rgd1 {[%clk
00:54:28]} {[%emt 00:00:41]} 41. Rd3 {[%clk 01:11:30]} {[%emt 00:00:23]} R1xd3+
{[%clk 00:53:49]} {[%emt 00:01:09]} 42. cxd3 {[%clk 01:11:52]} {[%emt
00:00:08]} Kf8 {[%clk 00:53:50]} {[%emt 00:00:27]} 43. Qb4+ {[%clk 01:11:20]}
{[%emt 00:01:04]} Nd6 {[%clk 00:53:45]} {[%emt 00:00:35]} 44. Qa5 {[%clk
01:11:30]} {[%emt 00:00:21]} Rc8+ {[%clk 00:53:11]} {[%emt 00:01:03]} 45. Kd2
{[%clk 01:11:39]} {[%emt 00:00:22]} Rc4 {[%clk 00:52:53]} {[%emt 00:00:47]} 46.
Qd8+ {[%clk 01:10:59]} {[%emt 00:01:11]} Ne8 {[%clk 00:52:30]} {[%emt
00:00:52]} 47. dxc4 {[%clk 01:10:58]} {[%emt 00:00:31]} a6 {[%clk 00:52:43]}
{[%emt 00:00:18]} 48. c5 {[%clk 01:11:20]} {[%emt 00:00:08]} Kf7 {[%clk
00:53:02]} {[%emt 00:00:09]} 49. c6 {[%clk 01:11:40]} {[%emt 00:00:11]} a5
{[%clk 00:52:39]} {[%emt 00:00:53]} 50. Qd7+ {[%clk 01:11:47]} {[%emt
00:00:23]} Kf8 {[%clk 00:52:59]} {[%emt 00:00:11]} 51. c7 {[%clk 01:12:06]}
{[%emt 00:00:12]} Nxc7 {[%clk 00:53:19]} {[%emt 00:00:08]} 52. Qxc7 {[%emt
00:00:10]} Kg8 {[%emt 00:00:05]} 53. Kd3 {[%clk 01:12:37]} {[%emt 00:00:26]}
Kh7 {[%clk 00:54:02]} {[%emt 00:00:06]} 54. Qxa5 {[%clk 01:12:52]} {[%emt
00:00:14]} g5 {[%clk 00:54:23]} {[%emt 00:00:09]} 55. Qf5+ {[%clk 01:13:06]}
{[%emt 00:00:17]} Kg7 {[%clk 00:54:43]} {[%emt 00:00:09]} 56. b4 {[%clk
01:13:24]} {[%emt 00:00:13]} Kh8 {[%clk 00:55:00]} {[%emt 00:00:12]} 57. b5
{[%clk 01:13:33]} {[%emt 00:00:21]} Kg7 {[%clk 00:55:23]} {[%emt 00:00:07]} 58.
b6 {[%clk 01:13:57]} {[%emt 00:00:07]} gxf4 {[%clk 00:55:47]} {[%emt 00:00:05]}
59. gxf4 {[%clk 01:14:06]} {[%emt 00:00:21]} h5 {[%clk 00:56:05]} {[%emt
00:00:13]} 60. b7 {[%clk 01:14:23]} {[%emt 00:00:13]} h4 {[%clk 00:56:29]}
{[%emt 00:00:06]} 61. b8=Q {[%clk 01:14:38]} {[%emt 00:00:07]} h3 {[%clk
00:56:57]} {[%emt 00:00:10]} 62. Qb6 {[%emt 00:01:50]} h2 {[%emt 00:00:11]} 63.
Qd7+ {[%emt 00:00:09]} Kf8 {[%emt 00:00:10]} 64. Qb8# {[%emt 00:00:08]} Ke8
{[%emt 00:00:27]} 65. Qbc7+ {[%clk 01:08:46]} 1-0

[Event "DEM U10w 2022"]
[Site "Willingen GER"]
[Date "2022.06.05"]
[Round "2"]
[White "Reetz, Shaila"]
[Black "Burchardi, Helena"]
[Result "0-1"]
[Termination "normal"]
[Board "13"]
[WhiteElo "1112"]
[BlackElo "802"]
[PlyCount "46"]
[WhiteFideId "34630317"]
[BlackFideId "34636374"]
[EventCountry "GER"]
[EventRounds "11"]
[EventType "swiss"]
[EventDate "2022.06.04"]

{[%evp 0,46,28,29,18,19,24,4,10,-4,7,4,-13,-19,120,98,261,-95,33,5,20,-17,209,
102,94,-50,-16,-40,-35,-97,-90,-123,-109,-113,-80,-84,-115,-112,-94,-141,-35,
-339,-144,-166,-175,-29995,-29996,-29999,-30000]} 1. e4 e5 2. Nf3 Nc6 3. Bc4
Bc5 4. c3 Nf6 5. d4 exd4 6. e5 Ne4 7. Bd5 Nf6 8. c4 Bb4+ 9. Bd2 Ng4 10. O-O d6
11. Bxb4 Nxb4 12. Nxd4 Nxd5 13. cxd5 dxe5 14. Nb5 a6 15. h3 axb5 16. hxg4 Qh4
17. Re1 O-O 18. Rxe5 Bxg4 19. Qd4 Rfe8 20. g3 Qh3 21. Rxe8+ Rxe8 22. Nc3 Bf3
23. Nxb5 Qg2# 0-1

[Event "DEM U10w 2022"]
[Site "Willingen GER"]
[Date "2022.06.05"]
[Round "2"]
[White "Margaryan, Mane"]
[Black "Döscher, Nayla"]
[Result "1-0"]
[Termination "normal"]
[Board "14"]
[WhiteElo "1107"]
[BlackElo "908"]
[PlyCount "59"]
[WhiteFideId "16268237"]
[BlackFideId "34625046"]
[EventCountry "GER"]
[EventRounds "11"]
[EventType "swiss"]
[EventDate "2022.06.04"]

{[%evp 0,59,32,38,32,-16,0,-4,4,-10,9,37,25,22,43,19,55,7,8,4,28,25,43,28,63,
45,46,48,110,91,101,-16,402,396,396,394,394,341,356,330,923,939,958,815,825,
785,1302,1304,1413,1372,1508,1566,1425,1471,29991,29992,29995,29996,29997,
29998,29999,-30000]} 1. d4 d5 2. c4 e6 3. Nc3 Nf6 4. Bg5 Be7 5. Nf3 O-O 6. e3
Nbd7 7. Bd3 a6 8. a4 h6 9. Bh4 c5 10. O-O Nb6 11. cxd5 exd5 12. Bxf6 Bxf6 13.
dxc5 Nd7 14. Nxd5 Nxc5 15. Re1 Qxd5 16. Bh7+ Kxh7 17. Qxd5 Ne6 18. e4 Rd8 19.
Qf5+ g6 20. Qxf6 Rf8 21. Nd4 Bd7 22. Nxe6 fxe6 23. Qe7+ Kg8 24. Qxd7 Rfe8 25.
Rac1 Rad8 26. Qxb7 a5 27. Rc7 Rb8 28. Rg7+ Kh8 29. Rh7+ Kg8 30. Qg7# 1-0

[Event "DEM U10w 2022"]
[Site "Willingen GER"]
[Date "2022.06.05"]
[Round "2"]
[White "Nönnig, Lotte"]
[Black "Rutschmann, Polly"]
[Result "1-0"]
[Termination "normal"]
[Board "15"]
[WhiteElo "1049"]
[BlackElo "903"]
[PlyCount "89"]
[WhiteFideId "34611509"]
[BlackFideId "34621261"]
[EventCountry "GER"]
[EventRounds "11"]
[EventType "swiss"]
[EventDate "2022.06.04"]

{normal} 1. e4 e5 2. Nf3 Nc6 3. Bc4 Bc5 4. c3 d6 5. d4 Bg4 6. dxc5 dxc5 7.
Qxd8+ Rxd8 8. Nbd2 Nf6 9. O-O O-O 10. b3 Bxf3 11. Nxf3 Rd7 12. Ba3 b6 13. Bb5
Rd6 14. Bxc6 Rxc6 15. Rad1 Rd6 16. Rxd6 cxd6 17. b4 cxb4 18. Bxb4 Rd8 19. Rd1
d5 20. exd5 Nxd5 21. Nxe5 f6 22. Nf3 a5 23. Ba3 Kf7 24. c4 Ke6 25. cxd5+ Rxd5
26. Rxd5 Kxd5 27. Nh4 b5 28. Nf5 g6 29. Ne3+ Kc6 30. g4 b4 31. Bb2 a4 32. Bxf6
b3 33. axb3 axb3 34. f4 Kd6 35. f5 gxf5 36. gxf5 Kd7 37. Bb2 Ke8 38. f6 Kf8 39.
Kf2 Kf7 40. Kf3 Kg6 41. Kg4 h5+ 42. Kf4 Kh6 43. f7 Kg6 44. f8=Q Kh7 45. Qg7#
1-0

[Event "DEM U10w 2022"]
[Site "Willingen GER"]
[Date "2022.06.05"]
[Round "2"]
[White "Weyerer, Elea"]
[Black "Weißleder, Emia"]
[Result "1-0"]
[Termination "normal"]
[Board "16"]
[WhiteElo "876"]
[BlackElo "983"]
[PlyCount "75"]
[WhiteFideId "34605770"]
[BlackFideId "34682627"]
[EventCountry "GER"]
[EventRounds "11"]
[EventType "swiss"]
[EventDate "2022.06.04"]

{unterminated} 1. d4 d5 2. Bf4 Bf5 3. c4 Nf6 4. Nc3 e6 5. e3 Bd6 6. Bxd6 Qxd6
7. Qb3 b6 8. Nf3 O-O 9. Ne5 Na6 10. Nb5 Qd8 11. Nc3 Qe7 12. cxd5 Nb4 13. Rc1
Qd6 14. dxe6 fxe6 15. a3 Nbd5 16. Nxd5 exd5 17. Bd3 Qe6 18. Rxc7 Rac8 19. Rxc8
Qxc8 20. O-O Re8 21. f3 Re7 22. e4 Be6 23. Qc3 Rc7 24. Qd2 Nd7 25. Nxd7 Qxd7
26. Qf4 Bf7 27. Qh4 Rc6 28. Bb5 Rh6 29. Bxd7 Rxh4 30. Rc1 h6 31. Rc8+ Kh7 32.
g3 Rh5 33. Bg4 Rg5 34. h4 Rg6 35. Bf5 Be6 36. Bxg6+ Kxg6 37. Rc6 Kf6 38. exd5
1-0

[Event "DEM U10w 2022"]
[Site "Willingen GER"]
[Date "2022.06.05"]
[Round "2"]
[White "Schirmbeck, Lilian"]
[Black "Kühn, Nicole"]
[Result "1-0"]
[Termination "normal"]
[Board "17"]
[WhiteElo "980"]
[BlackElo "870"]
[PlyCount "47"]
[WhiteFideId "34620532"]
[BlackFideId "34610510"]
[EventCountry "GER"]
[EventRounds "11"]
[EventType "swiss"]
[EventDate "2022.06.04"]

{[%evp 0,47,19,31,19,-14,34,7,57,47,44,23,24,32,43,61,46,53,90,2,5,-18,-12,-65,
-68,-70,-24,-126,293,314,294,265,368,469,440,444,775,828,819,807,851,812,891,
871,1673,1311,29997,29998,29999,-30000] unterminated} 1. d4 d5 2. c4 dxc4 3. e4
Nc6 4. d5 Ne5 5. Qd4 Nd3+ 6. Bxd3 cxd3 7. Nc3 e6 8. Nf3 exd5 9. exd5 Nf6 10.
Bg5 h6 11. Qh4 Be7 12. O-O Bf5 13. Rae1 Qd6 14. Nb5 Qb6 15. d6 cxd6 16. Bxf6
gxf6 17. Qxf6 O-O-O 18. Qxf5+ Kb8 19. Rxe7 Rhf8 20. Rfe1 Qa5 21. Nfd4 Rfe8 22.
Rxe8 b6 23. Rxd8+ Kb7 24. Qc8# 1-0

[Event "DEM U10w 2022"]
[Site "Willingen GER"]
[Date "2022.06.05"]
[Round "2"]
[White "Albrecht, Sidney Jenna"]
[Black "Beimler, Annemarie"]
[Result "0-1"]
[Termination "normal"]
[Board "18"]
[WhiteElo "814"]
[BlackElo "954"]
[PlyCount "36"]
[WhiteFideId "34660283"]
[EventCountry "GER"]
[EventRounds "11"]
[EventType "swiss"]
[EventDate "2022.06.04"]

{[%evp 0,36,30,19,20,17,20,28,14,21,35,42,18,-9,-14,-23,19,-56,69,56,104,11,85,
87,59,72,72,24,85,79,79,-355,-341,-481,-441,-29995,-29996,-29999,-30000] normal
} 1. d4 d5 2. Nc3 Nf6 3. Bf4 Bf5 4. f3 Nc6 5. g4 Bd7 6. Qd2 e6 7. O-O-O Bd6 8.
Bg5 e5 9. dxe5 Bxe5 10. Bxf6 Qxf6 11. Nxd5 Qd6 12. e4 O-O-O 13. Bb5 Ne7 14.
Nxe7+ Qxe7 15. Qe3 Bxb5 16. Rxd8+ Rxd8 17. Qxa7 Bf4+ 18. Kb1 Rd1# 0-1

[Event "DEM U10w 2022"]
[Site "Willingen GER"]
[Date "2022.06.06"]
[Round "3"]
[White "Kovalskyy, Alicia"]
[Black "Fruth, Julia"]
[Result "1/2-1/2"]
[Termination "normal"]
[Board "1"]
[WhiteElo "1499"]
[BlackElo "1037"]
[WhiteClock "00:30:34"]
[BlackClock "00:31:33"]
[PlyCount "96"]
[WhiteFideId "34612130"]
[BlackFideId "34603050"]
[EventCountry "GER"]
[EventRounds "11"]
[EventType "swiss"]
[EventDate "2022.06.04"]

1. e4 {[%clk 01:15:59]} d5 {[%clk 01:15:53]} {[%emt 00:00:08]} 2. exd5 {[%clk
01:16:24]} {[%emt 00:00:05]} Qxd5 {[%clk 01:16:12]} {[%emt 00:00:11]} 3. Nc3
{[%clk 01:16:48]} {[%emt 00:00:06]} Qd8 {[%clk 01:16:26]} {[%emt 00:00:16]} 4.
d4 {[%clk 01:16:50]} {[%emt 00:00:27]} Nf6 {[%clk 01:16:44]} {[%emt 00:00:12]}
5. Be3 {[%clk 01:15:59]} {[%emt 00:01:20]} e6 {[%clk 01:15:55]} {[%emt
00:01:20]} 6. Nf3 {[%clk 01:15:23]} {[%emt 00:01:06]} Nbd7 {[%clk 01:15:51]}
{[%emt 00:00:34]} 7. Be2 {[%clk 01:14:12]} {[%emt 00:01:42]} Be7 {[%clk
01:15:54]} {[%emt 00:00:26]} 8. Qd2 {[%clk 01:13:00]} {[%emt 00:01:43]} b6
{[%clk 01:15:00]} {[%emt 00:01:24]} 9. Bf4 {[%clk 01:12:51]} {[%emt 00:00:38]}
O-O {[%clk 01:12:53]} {[%emt 00:02:37]} 10. Nb5 {[%clk 01:12:13]} {[%emt
00:01:08]} c5 {[%clk 01:10:40]} {[%emt 00:02:41]} 11. Nc7 {[%clk 01:10:05]}
{[%emt 00:02:40]} Rb8 {[%clk 01:10:56]} {[%emt 00:00:13]} 12. Nxe6 {[%clk
01:09:44]} {[%emt 00:00:52]} fxe6 {[%clk 01:11:13]} {[%emt 00:00:13]} 13. Bxb8
{[%clk 01:10:08]} {[%emt 00:00:05]} Nxb8 {[%clk 01:11:33]} {[%emt 00:00:11]}
14. Bc4 {[%clk 01:09:45]} {[%emt 00:00:51]} Nc6 {[%clk 01:07:24]} {[%emt
00:04:39]} 15. Qe2 {[%clk 01:07:05]} {[%emt 00:03:09]} Kh8 {[%clk 01:00:53]}
{[%emt 00:07:05]} 16. Bxe6 {[%clk 01:02:32]} {[%emt 00:05:01]} Bxe6 {[%clk
01:01:05]} {[%emt 00:00:18]} 17. Qxe6 {[%clk 01:02:20]} {[%emt 00:00:41]} Nxd4
{[%clk 01:00:23]} {[%emt 00:01:12]} 18. Nxd4 {[%clk 01:00:13]} {[%emt
00:02:39]} cxd4 {[%clk 00:55:38]} {[%emt 00:05:15]} 19. O-O-O {[%clk 00:59:53]}
{[%emt 00:00:49]} Re8 {[%clk 00:53:13]} {[%emt 00:02:56]} 20. Qc4 {[%clk
00:56:53]} {[%emt 00:03:26]} Qc8 {[%clk 00:42:18]} {[%emt 00:11:24]} 21. Qxc8
{[%clk 00:46:04]} {[%emt 00:11:23]} Rxc8 {[%clk 00:42:37]} {[%emt 00:00:11]}
22. Rxd4 {[%clk 00:46:22]} {[%emt 00:00:13]} Bc5 {[%clk 00:42:38]} {[%emt
00:00:30]} 23. Rc4 {[%clk 00:43:39]} {[%emt 00:03:02]} Be3+ {[%clk 00:42:45]}
{[%emt 00:00:33]} 24. fxe3 {[%clk 00:43:49]} {[%emt 00:00:20]} Rxc4 {[%clk
00:43:08]} {[%emt 00:00:07]} 25. Rd1 {[%clk 00:44:08]} {[%emt 00:00:09]} Rc8
{[%clk 00:41:26]} {[%emt 00:02:13]} 26. h3 {[%clk 00:43:21]} {[%emt 00:01:19]}
Rf8 {[%clk 00:41:27]} {[%emt 00:00:28]} 27. Rf1 {[%clk 00:42:05]} {[%emt
00:01:42]} Kg8 {[%clk 00:41:14]} {[%emt 00:00:47]} 28. Rf4 {[%clk 00:39:29]}
{[%emt 00:03:03]} Nd5 {[%emt 00:01:39]} 29. Rxf8+ {[%clk 00:39:34]} {[%emt
00:00:13]} Kxf8 {[%clk 00:40:41]} {[%emt 00:00:09]} 30. Kd2 {[%clk 00:39:57]}
{[%emt 00:00:07]} Ke7 {[%clk 00:40:57]} {[%emt 00:00:14]} 31. c4 {[%clk
00:39:58]} {[%emt 00:00:28]} Nc7 {[%clk 00:40:51]} {[%emt 00:00:36]} 32. Kd3
{[%clk 00:39:27]} {[%emt 00:01:01]} h6 {[%clk 00:40:32]} {[%emt 00:00:50]} 33.
Kd4 {[%clk 00:39:16]} {[%emt 00:00:29]} Kd6 {[%clk 00:40:54]} {[%emt 00:00:18]}
34. b4 {[%clk 00:38:25]} {[%emt 00:01:23]} Ne6+ {[%clk 00:40:34]} {[%emt
00:00:49]} 35. Ke4 {[%clk 00:38:06]} {[%emt 00:00:47]} a5 {[%clk 00:39:55]}
{[%emt 00:01:11]} 36. a3 {[%clk 00:37:37]} {[%emt 00:01:01]} axb4 {[%clk
00:37:55]} {[%emt 00:02:29]} 37. axb4 {[%clk 00:37:20]} {[%emt 00:00:47]} Kc6
{[%clk 00:36:37]} {[%emt 00:01:48]} 38. Kf5 {[%clk 00:36:04]} {[%emt 00:01:46]}
Kd6 {[%clk 00:35:35]} {[%emt 00:01:32]} 39. Kg6 {[%clk 00:34:40]} {[%emt
00:01:53]} Ke5 {[%clk 00:35:29]} {[%emt 00:00:37]} 40. c5 {[%clk 00:34:44]}
{[%emt 00:00:27]} bxc5 {[%clk 00:35:42]} {[%emt 00:00:17]} 41. bxc5 {[%clk
00:35:07]} {[%emt 00:00:07]} Nxc5 {[%clk 00:35:16]} {[%emt 00:00:56]} 42. Kxg7
{[%clk 00:35:29]} {[%emt 00:00:07]} Ne6+ {[%clk 00:33:29]} {[%emt 00:02:14]}
43. Kxh6 {[%clk 00:35:23]} {[%emt 00:00:39]} Ke4 {[%clk 00:32:07]} {[%emt
00:01:52]} 44. g4 {[%clk 00:33:19]} {[%emt 00:02:33]} Kxe3 {[%clk 00:31:51]}
{[%emt 00:00:43]} 45. g5 {[%clk 00:33:18]} {[%emt 00:00:35]} Kf4 {[%clk
00:31:20]} {[%emt 00:01:00]} 46. h4 {[%clk 00:33:00]} {[%emt 00:00:48]} Kg4
{[%clk 00:31:20]} {[%emt 00:00:30]} 47. h5 {[%clk 00:30:18]} {[%emt 00:03:13]}
Nxg5 {[%clk 00:31:36]} {[%emt 00:00:12]} 48. Kg6 {[%clk 00:30:34]} {[%emt
00:00:16]} Kf4 {[%clk 00:31:33]} {[%emt 00:00:31]} 1/2-1/2